Crazy Click 1 - Statistics

General Stats
  • This quiz has been taken 65 times
  • The average score is 10 of 15
Answer Stats
Hint Answer % Correct
4,5 6
79%
-2,-1 0
77%
-1,0 1
72%
7,8 9
72%
11,12 13
70%
3,4 5
70%
6,7 8
70%
8,9 10
67%
2,3 4
67%
5,6 7
67%
9,10 11
65%
10,11 12
65%
12,13 14
65%
0,1 2
65%
1,2 3
65%
No matching quizzes found
Score Distribution
Percent of People with Each Score
Percentile by Number Answered
Your Score History
You have not taken this quiz